| 000 | 00785nam a2200205 a 4500 | ||
|---|---|---|---|
| 005 | 20140412111235.0 | ||
| 008 | 010215s19uu xx 00 eng d | ||
| 020 | _a0-679-83671-3 | ||
| 050 |
_aER _bBe35Pr 1992 |
||
| 100 | _aBerenstains, Stan | ||
| 245 |
_aBerenstain Bears (The) / : _cStan and Jan Berenstain. _band too much Pressure / |
||
| 260 |
_aNew York : _bRandom House, _c1992. |
||
| 300 | _a1 v. (unp.) ; ill. | ||
| 440 | _aA First Time Book | ||
| 520 | _aMembers of the Bear Family commit themselves to so many time-consuming activities that the resulting stress brings on a crisis and makes them admit that there are only so many hours a day. | ||
| 650 | _aTime-- Fiction | ||
| 650 | _aStress (Psychology) -- Fiction | ||
| 650 | _aBears -- Fiction | ||
| 999 |
_c102394 _d102394 |
||